00926nam a2200241Ia 4500001000700000003000500007008004100012010001100053040000900064100002800073245014700101260003300248300001000281502017600291650002800467650001900495650001200514650002100526650001100547700003700558700005100595700003800646Z_6868CHAP220113s1996 xx 000 0 und d a170142 cCHAP aHernández Mendo, Omar aPastoreo de kikuyo (Pennisetum clandestinum Hochst.) por borregas en crecimiento, a diferentes asignaciones de forraje \ Oma Hernández Mendo aMéxico :bEl autor,c1996 a96 p. aTesis (Maestro en Ciencias Especialista en Ganadería) -- CP, 1996 \ Director: Jorge Pérez Pérez; asesoría: Pedro A. Martínez Hernández y José G. Herrera Haro aAsignación de forraje aDigestibilidad aForraje aGanancia de peso aKikuyo a Herrera Haro, José G., asesor a Martínez Hernández, Pedro Arturo, asesor  aPérez Pérez, Jorge, director